Statistics for Save Your Tears (Remix) Lyrics - Ariana and The Weeknd

Click here to take the quiz!

General Stats

  • This quiz has been taken 46 times
  • The average score is 193 of 223

Answer Stats

Answer% Correct
a
100%
i
100%
I
100%
you
100%
another
95%
day
95%
(save)
95%
Save
95%
save
95%
so
95%
tears
95%
for
93%
happy
93%
in
93%
saw
93%
when
93%
your
93%
(your)
93%
away
90%
cry
90%
don't
90%
dont
90%
know
90%
run
90%
with
90%
crowded
88%
dancing
88%
make
88%
(oh
88%
oh
88%
(oh)
88%
room
88%
why
88%
im
85%
me
85%
not
85%
by
80%
single
80%
surprise
80%
then
80%
eye
78%
falling
78%
from
78%
looked
78%
Verse 1yeah
78%
and
76%
teardrop
76%
that
76%
back
73%
cause
73%
someone
73%
too
73%
better
71%
caught
71%
deserve
71%
it
71%
much
71%
my
71%
realize
71%
take
71%
else
68%
hell
68%
stay
68%
wanna
68%
boy
66%
its
66%
late
66%
distance
63%
put
63%
under
63%
kept
61%
like
61%
Verse 2met
61%
nobody
61%
once
61%
said
61%
through
61%
help
59%
couldn't
56%
girl
56%
moon
56%
Pisces
44%
(ooh)
41%
ooh
41%
hmm
22%
okay)
10%

Score Distribution

Percentile by Number Answered

Percent of People with Each Score

Your Score History

You have not taken this quiz